000 00673nam a2200169 a 4500
008 120416s2003 ||||||||||||||||| || u
050 _aIBRD(06)CS/2003/5
110 _aWorld Bank
245 1 0 _aSlovak Republic - joining the EU: a development policy review
260 _aWashington, D.C.:
_bWorld Bank
_c2003
350 _a0.00
490 _aWorld Bank Country Study
650 _aSLOVAKIA -- ECONOMIC CONDITIONS--1923-
650 _aEUROPEAN UNION--SLOVAKIA
650 _aSLOVAKIA -- ECONOMIC POLICY--1923-
995 _D0.00
_FCBU-MAIN LIBRARY (Kitwe)
_H1
_I0.00
_M1
_UAVAILABLE
_WDec 4, 2007
_ZInternational Publications
999 _c57549
_d57549